| 000 | 00885nam0a22002651 4500 | ||
|---|---|---|---|
| 001 | rc\129344 | ||
| 005 | 20030307112137.7 | ||
| 035 | _a(NLR Aleph) 005404296 | ||
| 090 |
_a7306190 _c7306190 |
||
| 100 | _a20030307d1995 u |0rusy50 ca | ||
| 101 | 0 | _arus | |
| 102 | _aRU | ||
| 105 | _aa ||||||||| | ||
| 200 | 1 | _aХирургическое лечение послеоперационных грыж | |
| 205 | _a2-е изд. | ||
| 210 |
_aМ. _cРБФСМ _d1995 |
||
| 215 |
_a37, [2] с. _cил. _d21 |
||
| 300 | _aПеред вып. дан. 1-й авт.: Анатолий Анатольевич [!] Барков | ||
| 700 | 1 |
_aБарков _bА. А. _gАнатолий Антонович |
|
| 701 | 1 |
_aМовчан _bК. Н. _gКонстантин Николаевич |
|
| 801 | 0 |
_aRU _bNLR _gpsbo |
|
| 801 | 1 |
_aRU _bELAR _2rusmarc |
|
| 852 |
_aNLR _j95-6/977 |
||
| 942 | _cBOOK | ||
| 980 | _aNB | ||